1170 1157 1721 1219 1887 1350 1804 1043 1335 1311 1115 1186 1127 1058 1617 1199 1883 1020 1220 1624 1706 1067 1082 1130 1542 1367 1488 1822 1610 1821 1066 1013 1377 1553 1275 1704 1151 1490 1883 1650 1062 1082 1571 1166 1786 1408 1007 1801 1456 1983 1532 1712 1458 1917 1824 1767 1584 1437 1754 1335 1590 1392 1164 1984 1547 1351 1652 1763 1266 1452 1246 1976 1067 1985 1015 1361 1063 1204 1947 1850 1152 1573 1264 1916 1014 1620 1587 1090 1008 1476 1396 1630 1591 1689 1020 1031 1739 1979 1940 BCNSPRNW ULIB Ver.6.0+V

เปลี่ยนเป็นภาษาไทย

Change to English
 แสดงรายละเอียดบรรณานุกรม
  กลับหน้าหลัก

Brief Record : Get Marc (ISO 2709) : E-mail record : QR code < ปิดหน้าต่าง
LEADER : 00000nam 2200000uu 4500
001    13399120694
003     ULIB
008    121004s2549||||th 000 0 tha d
020    ^a9749459342
050 04 ^aBF637.C5^bว296ร
100    ^aวราภรณ์ สามโกเศศ
245    ^aรู้จักใช้เข้าใจเงิน /^cวราภรณ์ สามโกเศศ
250    ^aพิมพ์ครั้งที่ 1
260    ^aกรุงเทพฯ :^bธนาคารไทยพาณิชย์,^c2549
300    ^a115 หน้า
650  7 การใช้เงิน
945    ^p0^l0^i24713
945    ^p0^l0^i24714
945    ^p0^l0^i24715
945    ^p0^l0^i24716
995    ทศพร
999    ^aทศพร เกษรทอง
รายการนี้ยังไม่มีแท็ก
คุณยังไม่ได้ล็อกอิน คุณสามารถมีกิจกรรมร่วมกับเว็บไซต์ได้ แต่ต้องล็อกอินก่อน ::
  ล็อกอิน

รายการสื่อสารสนเทศ

ลำดับที่ ประเภท เลขเรียก/บาร์โค้ด สถานที่ สถานะ
1. วิทยาศาสตร์การแพทย์ และสุขภาพ
วิทยาศาสตร์การแพทย์ และสุขภาพ
BF637.C5 ว296ร ฉ.1 
  Barcode: 24713
ห้องสมุดวิทยาเขตสวรรค์ประชารักษ์
►หนังสือทั่วไป
บนชั้น
2. วิทยาศาสตร์การแพทย์ และสุขภาพ
วิทยาศาสตร์การแพทย์ และสุขภาพ
BF637.C5 ว296ร ฉ.2 
  Barcode: 24714
ห้องสมุดวิทยาเขตสวรรค์ประชารักษ์
►หนังสือทั่วไป
บนชั้น
3. วิทยาศาสตร์การแพทย์ และสุขภาพ
วิทยาศาสตร์การแพทย์ และสุขภาพ
BF637.C5 ว296ร ฉ.3 
  Barcode: 24715
ห้องสมุดวิทยาเขตสวรรค์ประชารักษ์
►หนังสือทั่วไป
บนชั้น
4. วิทยาศาสตร์การแพทย์ และสุขภาพ
วิทยาศาสตร์การแพทย์ และสุขภาพ
BF637.C5 ว296ร ฉ.4 
  Barcode: 24716
ห้องสมุดวิทยาเขตสวรรค์ประชารักษ์
►หนังสือทั่วไป
บนชั้น

BibComment


ยังไม่เคยถูกคอมเมนท์

คอมเมนท์ทรัพยากรรายการนี้
  คอมเมนท์: รู้จักใช้เข้าใจเ..


 Copyright 2026. Bcnsprnw @Library